000
00317nam a2200133Ia 4500
008
150301s2015 xx 000 0 und d
082
_a
615.7
_b
P15A
100
_a
ANSEL, HOWARD C
245
_a
PHARMACEUTICAL CALCULATIONS
260
_b
WOLTER KLUMER
300
_a
450
650
_a
PHARMACEUTICS
942
_2
ddc
_c
BK
_0
1
999
_c
7320
_d
7320